Normal view
MARC view
Entry Topical Term
001 - CONTROL NUMBER
- control field: 11140
003 - CONTROL NUMBER IDENTIFIER
- control field: BD-RjUL
005 - DATE AND TIME OF LATEST TRANSACTION
- control field: 20240125144445.0
008 - FIXED-LENGTH DATA ELEMENTS
- fixed length control field: 240125|| aca||aabn | a|a d
040 ## - CATALOGING SOURCE
- Original cataloging agency: BD-RjUL
- Transcribing agency: BD-RjUL
150 ## - HEADING--TOPICAL TERM
- Topical term or geographic name entry element: Kidnapping
670 ## - SOURCE DATA FOUND
- Source citation: Work cat.: (BD-RjUL)82785: Scott, Walter, Sir, 1771-1832 11135, The pirate /, 1912